00780 2200241 4500001002100000005001500021035002000036007000300056008004100059020002200100082000800122084001400130100001900144245008200163250001100245260004500256300003800301650000800339700001800347700001700365520014000382990001600522INLIS00000000000000320220325092728 a0010-0322000003ta220325 b 0 ind  a978-602-01-2609-8 a500 a500 MOM b0 aMomon Sulaeman1 aBuku Ringkasan Materi dan Latihan BRILIAN IPA SD/MI Kelas 5 /cMomon Sulaeman aRevisi aBandung :bGrafindo Media Pratama,c2021 a160 halaman :bilustrasi ;c25 cm 4aIPA0 aAsmaul Husnah0 aIshak Wijono aBRILIAN Ilmu Pengetahuan Alam Kelas 5 untuk SD/MI disusun berdasarkan Kompetensi Inti dan Kompetensi Dasar urikulum 2013 (Edisi Revisi) a00000000003